WW1 Countries - Statistics

General Stats
  • This quiz has been taken 1,219 times
  • The average score is 7 of 12
Answer Stats
Alliance Answer % Correct
Entente Powers France
89%
Entente Powers USA
76%
Central Powers Austria-Hungary
73%
Central Powers Ottoman Empire
69%
Central Powers German Empire
68%
Entente Powers Italy
66%
Central Powers Bulgaria
63%
Entente Powers Russian Empire
61%
Entente Powers Serbia
57%
Entente Powers British Empire
53%
Entente Powers Greece
43%
Entente Powers Japanese Empire
22%
No matching quizzes found
Score Distribution
Percent of People with Each Score
Percentile by Number Answered
Your Score History
You have not taken this quiz